Радиологическая защита от облучения радоном (Запись № 10447037)

Подробности
000 -МАРКЕР
контрольное поле 02473nam0a2200397 i 4500
001 - ИДЕНТИФИКАТОР ЗАПИСИ
контрольное поле RU\NLR\BIBL_A\010866495
005 - ИДЕНТИФИКАТОР ВЕРСИИ
контрольное поле 20260408103746.0
010 ## - МЕЖДУНАРОДНЫЙ СТАНДАРТНЫЙ НОМЕР КНИГИ (ISBN)
Номер (ISBN) 9785903926068
Тираж 600
021 ## - НОМЕР ГОСУДАРСТВЕННОЙ РЕГИСТРАЦИИ
Код страны Российская Федерация
Номер 2015-79203
Номер Листа государственной регистраци 4797
035 ## - ДРУГИЕ СИСТЕМНЫЕ НОМЕРА
Идентификатор записи (NLR Aleph) 010866495
100 ## - ДАННЫЕ ОБЩЕЙ ОБРАБОТКИ
Данные общей обработки 20151022d2015 km y0rusy50 ca
101 1# - ЯЗЫК РЕСУРСА
Язык текста, звукозаписи и т.д. русский
-- английский
Язык оригинала не определено
102 ## - СТРАНА ПУБЛИКАЦИИ ИЛИ ПРОИЗВОДСТВА
Страна публикации Российская Федерация
105 ## - ПОЛЕ КОДИРОВАННЫХ ДАННЫХ: ТЕКСТОВЫЕ МАТЕРИАЛЫ, МОНОГРАФИЧЕСКИЕ
Кодированные данные о монографическом текстовом документе a|||z|||000yy
200 1# - ЗАГЛАВИЕ И СВЕДЕНИЯ ОБ ОТВЕТСТВЕННОСТИ
Основное заглавие Радиологическая защита от облучения радоном
Первые сведения об ответственности [Ж.-Ф. Лекомте, С. Соломон, Дж. Такала и др.
Последующие сведения об ответственности пер.: д.т.н., проф. М. В. Жуковский, к.ф.-м.н. И. В. Ярмошенко
-- предисл.: С. М. Киселев и др.
-- Федер. гос. бюджет. учреждение "Гос. науч. центр Рос. Федерации - Федер. мед. биофиз. центр им. А. И. Бурназяна" (ФГБОУ ГНЦ ФМБЦ им. Бурназяна ФМБА России)]
210 ## - ПУБЛИКАЦИЯ, РАСПРОСТРАНЕНИЕ И ДР.
Место издания, распространения и т.д. Москва
Имя издателя, распространителя и т. д. ФГБОУ ГНЦ ФМБЦ им. Бурназяна ФМБА России
Дата издания, распространения и т.д. 2015
215 ## - ФИЗИЧЕСКАЯ ХАРАКТЕРИСТИКА
Специфическое обозначение материала и объем 91 с.
Другие сведения о физической характеристике ил.
Размеры 24
225 1# - СЕРИЯ
Основное заглавие серии Труды МКРЗ
Наименование части Публикация МКРЗ
Сведения об ответственности МКРЗ
Обозначение тома 126
300 ## - ОБЩИЕ ПРИМЕЧАНИЯ
Текст примечания Часть текста на англ. яз.
320 ## - ПРИМЕЧАНИЯ О НАЛИЧИИ В ДОКУМЕНТЕ БИБЛИОГРАФИИ / УКАЗАТЕЛЯ
Текст примечания Библиогр.: с. 86-89 (43 назв.)
606 1# - НАИМЕНОВАНИЕ ТЕМЫ КАК ПРЕДМЕТ
Наименование темы Воздух помещений
Тематический подзаголовок Загрязнение радоном
-- Влияние на организм
Системный номер авторитетной/нормативной записи 1303081
Идентификатор авторитетной/нормативной записи RU\NLR\AUTH\66222605
606 1# - НАИМЕНОВАНИЕ ТЕМЫ КАК ПРЕДМЕТ
Наименование темы Воздух помещений
Тематический подзаголовок Загрязнение радоном
-- Гигиеническая оценка
Системный номер авторитетной/нормативной записи 2179062
Идентификатор авторитетной/нормативной записи RU\NLR\AUTH\661310503
606 1# - НАИМЕНОВАНИЕ ТЕМЫ КАК ПРЕДМЕТ
Наименование темы Население
Тематический подзаголовок Облучение радоном
-- Защита от него
-- Организация
Системный номер авторитетной/нормативной записи 2281280
Идентификатор авторитетной/нормативной записи RU\NLR\AUTH\6601594983
686 1# - ИНДЕКСЫ ДРУГИХ КЛАССИФИКАЦИЙ
Индекс Р368-2
686 1# - ИНДЕКСЫ ДРУГИХ КЛАССИФИКАЦИЙ
Индекс Р126.45
686 1# - ИНДЕКСЫ ДРУГИХ КЛАССИФИКАЦИЙ
Индекс Р126.03
701 #1 - ИМЯ ЛИЦА - АЛЬТЕРНАТИВНАЯ ОТВЕТСТВЕННОСТЬ
Начальный элемент ввода Лекомте
Часть имени, кроме начального элемента ввода Ж.-Ф.
701 #1 - ИМЯ ЛИЦА - АЛЬТЕРНАТИВНАЯ ОТВЕТСТВЕННОСТЬ
Начальный элемент ввода Соломон
Часть имени, кроме начального элемента ввода С.
701 #1 - ИМЯ ЛИЦА - АЛЬТЕРНАТИВНАЯ ОТВЕТСТВЕННОСТЬ
Начальный элемент ввода Такала
Часть имени, кроме начального элемента ввода Дж.
711 02 - НАИМЕНОВАНИЕ ОРГАНИЗАЦИИ - АЛЬТЕРНАТИВНАЯ ОТВЕТСТВЕННОСТЬ
Начальный элемент ввода Международная комиссия по радиологической защите
Системный номер авторитетной/нормативной записи 835118
Идентификатор авторитетной/нормативной записи RU\NLR\AUTH\8810169659
712 02 - НАИМЕНОВАНИЕ ОРГАНИЗАЦИИ - ВТОРИЧНАЯ ОТВЕТСТВЕННОСТЬ
Код отношения Прочие
Начальный элемент ввода Федеральный медицинский биофизический центр им. А. И. Бурназяна
Идентифицирующий признак Москва
Системный номер авторитетной/нормативной записи 372239
Идентификатор авторитетной/нормативной записи RU\NLR\AUTH\8810243199
942 ## - ДОПОЛНИТЕЛЬНЫЕ ЭЛЕМЕНТЫ ЗАПИСИ (АБИС)
Тип экземпляра АБИС Книга
980 ## - КОЛЛЕКЦИЯ
Название коллекции НБР

Нет доступных экземпляров.